|
|
|
|
| LEADER |
00000nam0a2200000 4500 |
| 001 |
355060 |
| 005 |
20231102010745.0 |
| 035 |
|
|
|a (RuTPU)RU\TPU\retro\12319
|
| 090 |
|
|
|a 355060
|
| 100 |
|
|
|a 20200630d1972 km y0rusy50 ca
|
| 101 |
0 |
|
|a rus
|
| 102 |
|
|
|a KZ
|
| 105 |
|
|
|a y z 001zy
|
| 200 |
1 |
|
|a Геология, геохимия и минералогия золоторудных районов и месторождений Казахстана
|f Казахский научно-исследовательский институт минерального сырья
|
| 210 |
|
|
|a Алма-Ата
|c [Б. и.]
|d 1972
|
| 215 |
|
|
|a 204 с.
|
| 320 |
|
|
|a Библиография в конце статей
|
| 606 |
1 |
|
|a Золоторудные месторождения
|y Казахстан
|2 stltpush
|3 (RuTPU)RU\TPU\subj\71154
|9 85190
|
| 610 |
1 |
|
|a золото
|
| 610 |
1 |
|
|a геология
|
| 610 |
1 |
|
|a Средняя Азия
|
| 610 |
1 |
|
|a вулканогенные пояса
|
| 610 |
1 |
|
|a золотоносность
|
| 610 |
1 |
|
|a древние терригенные толщи
|
| 610 |
1 |
|
|a золоторудные формации
|
| 610 |
1 |
|
|a Зайсанская складчатая область
|
| 610 |
1 |
|
|a магматические комплексы
|
| 610 |
1 |
|
|a рудные формации
|
| 610 |
1 |
|
|a золотое оруденение
|
| 610 |
1 |
|
|a морфологические типы
|
| 610 |
1 |
|
|a золотая минерализация
|
| 610 |
1 |
|
|a региональная метаморфическая зональность
|
| 675 |
|
|
|a 553.411(57)
|v 4
|
| 712 |
0 |
2 |
|a Казахский научно-исследовательский институт минерального сырья
|2 stltpush
|3 (RuTPU)RU\TPU\col\8431
|9 24524
|
| 801 |
|
1 |
|a RU
|b 63413507
|c 20200630
|
| 801 |
|
2 |
|a RU
|b 63413507
|c 20210202
|g RCR
|
| 942 |
|
|
|c BK
|